Entretiens (notice n° 1704575)
[ vue normale ]
| 000 -LEADER | |
|---|---|
| fixed length control field | 00719cam a2200157 4500500 |
| 005 - DATE AND TIME OF LATEST TRANSACTION | |
| control field | 20260322000245.0 |
| 041 ## - LANGUAGE CODE | |
| Language code of text/sound track or separate title | fre |
| 042 ## - AUTHENTICATION CODE | |
| Authentication code | dc |
| 100 10 - MAIN ENTRY--PERSONAL NAME | |
| Personal name | Confucius |
| Relator term | author |
| 245 00 - TITLE STATEMENT | |
| Title | Entretiens |
| 260 ## - PUBLICATION, DISTRIBUTION, ETC. | |
| Name of publisher, distributor, etc. | Les Belles lettres,<br/> |
| Date of publication, distribution, etc. | 2019.<br/> |
| 520 ## - SUMMARY, ETC. | |
| Summary, etc. | Le Maître a dit :Qui ne connaît son lot ne saurait être un homme de bien ; qui ne connaît les rites ne saurait tenir son rang ; qui ne connaît le sens des mots ne saurait juger les hommes.Chapitre XX, Le bon roi YaoPour retrouver tous les volumes de la série, cliquez ici. |
| 700 10 - ADDED ENTRY--PERSONAL NAME | |
| Personal name | Lévi, Jean |
| Relator term | author |
| 700 10 - ADDED ENTRY--PERSONAL NAME | |
| Personal name | Pennor’s, Scott |
| Relator term | author |
| 856 41 - ELECTRONIC LOCATION AND ACCESS | |
| Uniform Resource Identifier | <a href="https://shs.cairn.info/entretiens--9782251450179?lang=fr&redirect-ssocas=7080">https://shs.cairn.info/entretiens--9782251450179?lang=fr&redirect-ssocas=7080</a> |
Pas d'exemplaire disponible.




Réseaux sociaux